Movies Quiz

Random Movies or Quote Quiz
Score 0/100 Timer 07:00
0 Plays Today
Quote Movie % Correct
Invention, my dear friends, is 93% perspiration, 6% electricity, 4% evaporation, and 2% butterscotch ripple. Willy Wonka and the Chocolate Factory
53.9%
Tomorrow will be the most beautiful day of Raymond K. Hessel's life. His breakfast will taste better than any meal you and I have ever tasted. Fight Club
39.6%
I'm an insect who dreamt he was a man and loved it. But now the dream is over... and the insect is awake. The Fly
21.2%
No time for the ol' in-out, love. I've just come to read the meter! A Clockwork Orange
18.9%
Start with the part where Jayne gets knocked out by a 90-pound girl 'cause... I don't think that's ever getting old. Serenity
18.4%
AK-47. The very best there is. When you absolutely, positively got to kill every **** in the room, accept no substitutes. Jackie Brown
13.8%
Heineken? **** that ****! Pabst Blue Ribbon! Blue Velvet
11.5%
Ruprecht, do you want the genital cuff? Dirty Rotten Scoundrels
10.6%
Quote Movie % Correct
I'm all man. I even fought in W.W.2. Of course, I was wearing women's undergarments under my uniform. Ed Wood
9.7%
Charlie, you **** bitch! Let's work it out!High Fidelity
6.9%
I peed on the corpse. Can they do, like, an ID from that? Kiss Kiss Bang Bang
6.9%
Y'know that ringing in your ears? That 'eeeeeeeeee'? That's the sound of the ear cells dying, like their swan song. Once it's gone you'll never hear that frequency again. Enjoy it Children of Men
5.1%
You ruined my new jacket! Kill him A LOT! Buffy the Vampire Slayer
3.7%
Look around you all what do you see? A bunch of buffoons parading around in fancy dress. You think the prince of Darkness would deign to manifest himself before the likes of you?The Ninth Gate
1.8%
Who's going to believe a talking head? Get a job in a sideshow. Re-Animator
0.9%
Remove Ads.
Support Sporcle.
Get the best of Sporcle when you Go Orange. This ad-free experience offers more features, more stats, and more fun while also helping to support Sporcle. Thank you for becoming a member.

You're not logged in!

Compare scores with friends on all Sporcle quizzes.
OR
Log In

Show Comments

Extras

Created Sep 28, 2009SourceReportNominate
Tags:Quote Quiz

Top Quizzes Today


Score Distribution

Your Account Isn't Verified!

In order to create a playlist on Sporcle, you need to verify the email address you used during registration. Go to your Sporcle Settings to finish the process.

Report this User

Report this user for behavior that violates our Community Guidelines.

Details: